00369nam a2200121Ia 4500008004100000100001400041245005000055245002800105260002200133260000900155650002200164856006100186160216s9999 xx 000 0 und d aGrant, W. aConsequences of the Global Financial Crisis / cW. Grant & G.K. Wilson. bOxford University c2012 xFinancial crisis. uhttp://www.oapen.org/download?type=document&docid=453476